| 000 | 02036ngm a22004694i 4500 | ||
|---|---|---|---|
| 001 | 991061312107406706 | ||
| 003 | ES-BaIT | ||
| 005 | 20260413130730.0 | ||
| 008 | 250408s2003 xxu||| |-|||||q|| vleng|c | ||
| 024 | 1 | _a089948426196 | |
| 028 | 4 | 0 |
_a4261 _bVAI |
| 040 |
_aES-BaIT _bcat _erda _cES-BaIT |
||
| 080 | _a793.4(086.8) | ||
| 130 | 0 |
_aLebedinoe ozero (Coreografia : Ivanov i Petipa) _9169249 |
|
| 245 | 1 | 0 |
_aSwan Lake / _cTchaikovsky ; The Bolshoi Theatre; starring Maya Plisetskaya & Nicolai Fadeyechev ; conductor Yuri Fayer ; director Z. Tulubyeva ; choreography: Petipà, Ivanov |
| 264 | 1 |
_aPleasantville, NY : _bVideo Artists International, _c[2003] |
|
| 264 | 4 | _c©2003 | |
| 300 |
_a1 videodisc (80 min): _bcolor, so ; _c19 cm |
||
| 336 |
_aimatge en moviment bidimensional _btdi _2rdacontent |
||
| 336 |
_amúsica executada _bprm _2rdacontent |
||
| 337 |
_avídeo _bv _2rdamedia |
||
| 338 |
_avideodisc _bvd _2rdacarrier |
||
| 344 |
_adigital _bòptic _gmono _hDolby digital 5.1 _2rda |
||
| 347 |
_afitxer vídeo _bDVD vídeo _etotes les regions _2rda |
||
| 500 | _aGravació original de 1957 editada per Sovesportfilm | ||
| 500 | _aFormat de pantalla (4:3) | ||
| 508 | _aConductor, Yuri Fayer ; director, Z. Tulubyeva | ||
| 511 | 1 | _aBallarins: Maya Plisetskaya (Odette / Odile), Nicolai Fadeyechev (Prince Siegfried), V. Levachev (Rothbart), V. Khomyakov (Jester) | |
| 525 | _aInclou bonus amb l'obra "The Dying Swan" de Maya Plisestkaya | ||
| 650 | 4 |
_aDansa clàssica _xCoreografies _956589 |
|
| 655 | 4 |
_aDansa filmada _9168293 |
|
| 700 | 1 |
_aTxaikovski, Piotr Ílitx, _d1840-1893 _ecompositor _955328 |
|
| 700 | 1 |
_aPlisetskaya, Maya _eballarí _939479 |
|
| 700 | 1 |
_aFadeyechev, Nicolai _eballarí _9101252 |
|
| 700 | 1 |
_aPetipa, Marius, _d1818-1910 _ecoreògraf _955719 |
|
| 700 | 1 |
_aIvanov, Lev, _d1834-1901 _ecoreògraf _9162409 |
|
| 710 | 2 |
_aBolshoi teatr SSSR. _bOrkestr _eintèrpret _9104795 |
|
| 710 | 2 |
_aBolshoi teatr SSSR. _bBalet _eballarí _994184 |
|
| 908 | _aCDMAE | ||
| 940 | _aCDMAE | ||
| 942 |
_2udc _c5 |
||
| 999 |
_c137366 _d137366 |
||